000 01934cam a2200409 a 4500
999 _c529540
_d529540
001 4363982
003 NUST
005 20190927150158.0
008 900322s1990 dcuab b 000 0 eng
010 _a 90070363
020 _a0309049040 :
_c$8.00
038 _aMSOHAIL
040 _aDLC
_cDLC
_dDLC
050 0 0 _aTE250
_b.D33 1990
082 0 0 _a625.7042
_220
100 1 _aDahir, S. H.
_921787
245 1 0 _aWet-pavement safety programs /
_cSabir H.M. Dahir, Wade L. Gramling ; topic panel, Bernard C. Brown ... [et al.].
260 _aWashington, D.C. :
_bTransportation Research Board, National Research Council,
_c[1990]
300 _a54 p. :
_bill., maps ;
_c28 cm.
490 1 _aSynthesis of highway practice / National Cooperative Highway Research Program,
_x0547-5570 ;
_v158
500 _a"Research sponsored by the American Association of State Highway and Transportation Officials in cooperation with the Federal Highway Administration."
500 _a"July 1990."
500 _a"Project 20-5 FY 1984 (Topic 10-06)"--T.p. verso.
504 _aIncludes bibliographical references (p. 20).
650 0 _aPavements
_xSkid resistance
_xTesting.
_921788
650 0 _aMotor vehicles
_xSkidding.
_921789
650 0 _aRoads
_xSafety measures.
_920708
700 1 _aGramling, W. L.
_921790
700 1 _aBrown, Bernard C.,
_d1934-
_921693
710 2 _aAmerican Association of State Highway and Transportation Officials.
_919553
710 1 _aUnited States.
_bFederal Highway Administration.
_920149
710 2 _aNational Research Council (U.S.).
_bTransportation Research Board.
_919676
830 0 _aSynthesis of highway practice ;
_v158.
_921791
906 _a7
_bcbc
_corignew
_d3
_eopcn
_f19
_gy-gencatlg
942 _2ddc
_cBK